| 000 | 00451nam a22001457a 4500 | ||
|---|---|---|---|
| 082 | _aT-272 | ||
| 100 |
_aYasir Siraj _936202 |
||
| 245 | _aPerformance of RC Columns Confined with Poly urea under Uni axial Compressive Cyclic Loading | ||
| 260 |
_aRisalpur, _bMCE, _c2020. |
||
| 300 |
_a95 pages, _c30 cm. |
||
| 526 |
_a0 _b0 _c0 _dT_272 |
||
| 650 |
_aStructure Engineering _936203 |
||
| 700 |
_aSupervisor Dr Muhammad Rizwan _936204 |
||
| 942 |
_2ddc _cBK |
||
| 999 |
_c554458 _d554458 |
||